000 00572nam a22001817a 4500
008 140322b xxu||||| |||| 00| 0 eng d
020 _a9-7818-5328-6582
082 _2 22 ed.
_a343.084
_bMON
100 _aMonk, David
245 _aMarketing legal services :
_bsucceeding in the New legal marketplace /
_c David Monk and Alastair Moyes
260 _aLondon :
_bThe Law Society
_c2008
300 _axiii, 317 P. ;
_c22 cm.
500 _aIncludes Index
650 _aMarket law
650 _aMarketing legal services
700 _a Moyes, Alastair
942 _2ddc
_cBK
999 _c5852
_d5852